[Event "Poznan"]
[Site "Poznan"]
[Date "1987.??.??"]
[Round "?"]
[White "Ostrowski, Leszek"]
[Black "Bernard, Ryszard"]
[Result "1/2-1/2"]
[WhiteElo "2385"]
[BlackElo "2335"]

1.Nf3 d5 2.g3 Nf6 3.Bg2 c6 4.c4 dxc4 5.O-O Nbd7 6.Na3 Nb6 7.Qc2 Qd5 8.Nh4 Qd4
9.Re1 g6 10.Nf3 Qd5 11.Nh4 Qd4 12.Nf3 Qd5 13.e4 Qd3 14.Qxd3 cxd3 15.Ne5 Bg7
16.Nxd3 O-O 17.Nc5 Nfd7 18.Nxd7 Bxd7 19.Rb1 Be6 20.b3 Rfd8 21.Bf1 Nd7 22.Nc4 Ne5
23.Nxe5 Bxe5 24.Bb2 Bxb2 25.Rxb2 a5 26.Rc1 Rd4 27.d3 Rb4 28.Rcb1 c5 29.f3 b6
30.Kf2 Kf8 31.Ke3 Ke8 32.a3 Rd4 33.b4 axb4 34.axb4 Rc8 35.h4 f6 36.Be2 h6
37.f4 Rd6 38.Rc1 cxb4 39.Rxc8+ Bxc8 40.d4 g5 41.e5 Rd5 42.Rxb4 Ra5 43.Rxb6 Ra3+
44.Kf2 Ra2 45.Ke3 Ra3+ 46.Kf2 Ra2 47.Rb8 Kd7 48.Ke3 Ra3+ 49.Kf2 Ra2 50.Rb3 Ba6
51.Re3 g4 52.Ke1 Bxe2 53.Rxe2 Ra3 54.exf6 exf6 55.Kf2 Rf3+ 56.Kg2 Rd3 57.Re4 h5
58.Kh2  1/2-1/2

[Event "Poznan"]
[Site "Poznan"]
[Date "1987.??.??"]
[Round "?"]
[White "Ostrowski, Leszek"]
[Black "Bozek, Adam"]
[Result "1/2-1/2"]
[WhiteElo "2385"]
[BlackElo "2380"]

1.Nf3 d5 2.g3 Nf6 3.Bg2 e6 4.O-O Be7 5.d4 O-O 6.c4 c5 7.dxc5 Bxc5 8.a3 b6
9.b4 Be7 10.Bb2 Bb7 11.Nbd2 Nbd7 12.Rc1 Rc8 13.Nd4 a6 14.cxd5 Nxd5 15.Qb3 Bf6
16.Ne4 Bxd4 17.Bxd4 Qe7 18.Nd2 b5 19.e4 N5b6 20.Qe3 Rxc1 21.Rxc1 Rc8 22.Rxc8+ Nxc8
23.Qc3 Nf6 24.f3 Ne8 25.Nb3 Ncd6 26.Na5 Ba8 27.Qc5 Qd7 28.Bf1 f5 29.e5 Nf7
30.Be2 g5 31.Bc3 Kg7 32.Nb3 g4 33.Nd4 gxf3 34.Nxf5+ Kg8 35.Ne7+ Kg7  1/2-1/2

[Event "Bohemians"]
[Site "Prague"]
[Date "1987.??.??"]
[Round "?"]
[White "Schulz, Klaus Juergen"]
[Black "Pekarek, Ales"]
[Result "1-0"]
[WhiteElo "2440"]
[BlackElo "2480"]

1.Nf3 d5 2.g3 c6 3.Bg2 Nd7 4.d4 e6 5.O-O Be7 6.b3 Ngf6 7.c4 O-O 8.Qc2 b6
9.Rd1 Bb7 10.Nc3 Rc8 11.e4 h6 12.Bb2 Qc7 13.e5 Nh7 14.cxd5 cxd5 15.Bf1 f5
16.exf6 Rxf6 17.Qe2 Rcf8 18.Bg2 Qd8 19.Rd2 Qe8 20.Re1 R8f7 21.Qd3 Nhf8 22.h4 Rf5
23.Nh2 Nf6 24.Rde2 Qc8 25.Re3 Ne4 26.f4 e5 27.Nxd5 Bxd5 28.Bxe4 Bxe4 29.Rxe4 Bb4
30.Rc1 Qd7 31.Nf3 exf4 32.Ne5 Rxe5 33.Rxe5 fxg3 34.Qxg3 Bd6 35.Qg2 Bxe5 36.dxe5 Qe7
37.Rc4 Qe6 38.Rg4 Nd7 39.Rg6 Qd5  1-0

[Event "Riga op"]
[Site "Riga"]
[Date "1987.??.??"]
[Round "?"]
[White "Kengis, Edvins"]
[Black "Vitolinsh, Alvis"]
[Result "1-0"]
[WhiteElo "2485"]
[BlackElo "2415"]

1.Nf3 d5 2.g3 Nf6 3.Bg2 c6 4.O-O Bf5 5.d3 e6 6.c4 dxc4 7.dxc4 Qxd1 8.Rxd1 Nbd7
9.Nc3 Bb4 10.Bd2 O-O-O 11.a3 Bxc3 12.Bxc3 Nc5 13.Ne5 Bg6 14.b4 Nb3 15.Nxg6 Nxa1
16.Ne7+ Kc7 17.Be5+ Kb6 18.Rxa1 Rd7 19.a4 Rxe7 20.c5+ Ka6 21.e3 b6 22.Bxc6 bxc5
23.b5+ Ka5 24.Bc3+ Kb6 25.a5+ Kc7 26.Be5+ Kc8 27.b6 Rb7 28.Rb1 Nd5 29.Bxb7+ Kxb7  1-0

[Event "FRA-ch"]
[Site "Rouen"]
[Date "1987.??.??"]
[Round "1"]
[White "Weill, Roland"]
[Black "Dubois, Jean Marie"]
[Result "1/2-1/2"]
[WhiteElo "2200"]
[BlackElo "2320"]

1.Nf3 d5 2.g3 c5 3.Bg2 Nc6 4.O-O Nf6 5.d3 e6 6.Nbd2 Be7 7.e4 b6 8.Re1 Bb7
9.c3 Qc7 10.a3 dxe4 11.dxe4 Nd7 12.Nc4 b5 13.Ne3 Nce5 14.Nxe5 Nxe5 15.Qe2 c4
16.a4 a6 17.axb5 axb5 18.Rxa8+ Bxa8 19.b3 O-O 20.bxc4 Nxc4  1/2-1/2

[Event "FRA-ch"]
[Site "Rouen"]
[Date "1987.??.??"]
[Round "8"]
[White "Goldenberg, Richard"]
[Black "Dubois, Jean Marie"]
[Result "1-0"]
[WhiteElo "2330"]
[BlackElo "2320"]

1.Nf3 d5 2.g3 g6 3.Bg2 Bg7 4.d4 Nf6 5.c4 c6 6.O-O O-O 7.cxd5 cxd5 8.Ne5 Nc6
9.Nc3 Nxe5 10.dxe5 Ng4 11.Qxd5 Nxe5 12.Bg5 Nc6 13.Rfd1 Qb6 14.Qb3 Qa6 15.Bxc6 Qxc6
16.Nd5 Be6 17.Nxe7+ Kh8 18.Nxc6 Bxb3 19.axb3 bxc6 20.Rd7 Rfb8 21.Raxa7 Rxa7
22.Rxa7 h6 23.Bc1 Kg8 24.Ra6 c5 25.Ra5 Bf8 26.Bf4 Re8 27.Be3 g5 28.Kf1  1-0

[Event "San Francisco"]
[Site "San Francisco"]
[Date "1987.??.??"]
[Round "?"]
[White "Leski, Marc"]
[Black "Adianto, Utut"]
[Result "0-1"]
[WhiteElo "2390"]
[BlackElo "2510"]

1.Nf3 d5 2.g3 Nf6 3.Bg2 Bf5 4.O-O e6 5.d3 h6 6.Nbd2 Be7 7.Qe1 O-O 8.e4 Bh7
9.Qe2 c5 10.Ne5 Nbd7 11.f4 c4 12.Nxd7 Qxd7 13.e5 cxd3 14.cxd3 Ne8 15.Nb3 Nc7
16.Be3 a5 17.Bh3 d4 18.Nxd4 Bc5 19.Nb3 Bxe3+ 20.Qxe3 Nd5 21.Qd4 Rfd8 22.Nc5 Qe7
23.Qf2 Nb4 24.a3 Nxd3 25.Nxd3 Rxd3 26.Rfd1 Rad8 27.Rxd3 Rxd3 28.Rc1 Be4 29.Qe1 Bc6
30.Bf1 Rd4 31.Qxa5 Qd7 32.Qc5 Rd5 33.Qc4 Qd8 34.Be2 Qb6+ 35.Kf1 Qxb2 36.Qc3 Qb6
37.Rd1 Rxd1+ 38.Bxd1 Qb1 39.Qd4 Bd5 40.Ke1 Qa2 41.Qc3 Qxh2 42.Qc8+ Kh7 43.Qc2+ Qxc2
44.Bxc2+ g6 45.Kf2 Kg7 46.Ke3 g5 47.fxg5 hxg5 48.Kd4 f6 49.Bd3 Kf7 50.Bc2 b6
51.Bd3 Bc6 52.Bc4 f5 53.Ke3 Ke7 54.Bb3 Kd7 55.Bc4 b5  0-1

[Event "Sarajevo"]
[Site "Sarajevo"]
[Date "1987.??.??"]
[Round "?"]
[White "Dizdarevic, Emir"]
[Black "Seirawan, Yasser"]
[Result "0-1"]
[WhiteElo "2490"]
[BlackElo "2595"]

1.Nf3 d5 2.g3 Nf6 3.Bg2 Bf5 4.O-O e6 5.c4 c6 6.cxd5 cxd5 7.d3 Nc6 8.Nc3 d4
9.Nb5 a6 10.Na3 Be7 11.Nc4 O-O 12.Qb3 b5 13.Nce5 Na5 14.Qd1 Bd6 15.Bd2 Rc8
16.Qe1 Nb7 17.Nxd4 Bxe5 18.Nxf5 exf5 19.Bxb7 Rc2 20.Rc1 Rxb2 21.Bxa6 Qa8
22.Bc3 Bxc3 23.Qxc3 Rxe2 24.Bxb5 Qxa2 25.Bc4 Qa8 26.Rfe1 Qf3 27.Rxe2 Qxe2
28.Re1 Qf3 29.Qd4 h6 30.Qe3 Qh5 31.Qf4 Ng4 32.h4 Qg6 33.Re7 Qf6 34.Re1 g5
35.hxg5 hxg5 36.Qf3 Kg7 37.Kg2 Rh8 38.Rh1 Rb8 39.Qd5 Rb2 40.Re1 Nxf2 41.Kf1 Ng4
42.Re2 Rxe2  0-1

[Event "Sarajevo"]
[Site "Sarajevo"]
[Date "1987.??.??"]
[Round "?"]
[White "Polugaevsky, Lev"]
[Black "Seirawan, Yasser"]
[Result "1/2-1/2"]
[WhiteElo "2585"]
[BlackElo "2595"]

1.Nf3 d5 2.g3 c5 3.Bg2 Nc6 4.d4 Nf6 5.O-O Bg4 6.Ne5 cxd4 7.Nxg4 Nxg4 8.e3 Nf6
9.exd4 e6 10.a4 Bd6 11.c3 O-O 12.Nd2 Rc8 13.Re1 Na5 14.Bf1 Re8 15.Bd3 Nd7
16.Nf3 Nf8 17.Nh4 f6 18.Ng2 Qc7 19.Ne3 Qf7 20.Bf1 Rcd8 21.Rb1 Nc6 22.Bg2 Bb8
23.b4 f5 24.Nf1 Nd7 25.Nd2 Nf6 26.b5 Na5 27.Ba3 Bd6 28.Bxd6 Rxd6 29.Rc1  1/2-1/2

[Event "Sarajevo"]
[Site "Sarajevo"]
[Date "1987.??.??"]
[Round "?"]
[White "Vaganian, Rafael A"]
[Black "Seirawan, Yasser"]
[Result "1/2-1/2"]
[WhiteElo "2590"]
[BlackElo "2595"]

1.Nf3 d5 2.g3 c5 3.Bg2 Nc6 4.d4 Nf6 5.O-O Bg4 6.dxc5 e5 7.c4 Bxc5 8.cxd5 Qxd5
9.Qxd5 Nxd5 10.Nxe5 Nxe5 11.Bxd5 O-O-O 12.Nc3 Bxe2 13.Be6+ fxe6 14.Nxe2 Nd3
15.Nf4  1/2-1/2

[Event "Sevilla op"]
[Site "Sevilla"]
[Date "1987.??.??"]
[Round "?"]
[White "Dizdar, Goran"]
[Black "Pablo Marin, Alejandro"]
[Result "1-0"]
[WhiteElo "2505"]
[BlackElo "2395"]

1.Nf3 d5 2.g3 Nf6 3.Bg2 c6 4.O-O h6 5.d3 Bf5 6.c4 e6 7.cxd5 exd5 8.Nc3 Be7
9.Qb3 Qb6 10.e4 dxe4 11.dxe4 Be6 12.Qc2 Nbd7 13.Be3 Qa5 14.Nd4 Bc4 15.Nce2 Bxe2
16.Qxe2 O-O 17.Nf5 Rfe8 18.Rfd1 Bf8 19.Nd6 Re6 20.Nc4 Qa6 21.Qc2 Bc5 22.Bxc5 Nxc5
23.e5 Ne8 24.f4 Re7 25.Kh1 Ne6 26.Ne3 Qa5 27.Nf5 Rc7 28.h4 c5 29.Rd5 h5 30.Qe4 Qb6
31.b3 Rac8 32.Rad1 Qb4 33.Rd7 Qxe4 34.Bxe4 Rb8 35.Rxc7 N8xc7 36.Rd7 b5 37.Nd6 Rd8
38.Re7 c4 39.f5 Nc5  1-0

[Event "Nordic-chT"]
[Site "Slupsk"]
[Date "1987.??.??"]
[Round "2"]
[White "Karlsson, Lars"]
[Black "Sehner, Norbert"]
[Result "1-0"]
[WhiteElo "2495"]
[BlackElo "2365"]

1.Nf3 d5 2.g3 c6 3.Bg2 Bg4 4.O-O Nd7 5.d3 e6 6.c4 Ngf6 7.Nc3 Bc5 8.a3 a5
9.cxd5 exd5 10.h3 Bxf3 11.Bxf3 O-O 12.Bg2 Re8 13.Qc2 Qe7 14.e4 dxe4 15.dxe4 Nf8
16.Kh2 Ne6 17.f4 Nd4 18.Qd1 Red8 19.e5 Nd5 20.Nxd5 cxd5 21.Qd3 a4 22.Bd2 Nb3
23.Rae1 Bd4 24.Bb4 Qc7 25.e6 fxe6 26.Rxe6 Nc5 27.Bxc5 Qxc5 28.Rfe1 Bxb2 29.Re7 Qxa3
30.Qf5 Rf8 31.Qxd5+ Kh8 32.Qh5 h6 33.R1e6 Ra6 34.Qg6 Rxe6 35.Rxe6 Qc5 36.Re2 a3
37.Be4 Kg8 38.Bc2 Qc4 39.Re7 Rxf4 40.Re8+ Rf8 41.Qh7+ Kf7 42.Bg6+ Kf6 43.Rxf8+  1-0

[Event "Sochi"]
[Site "Sochi"]
[Date "1987.??.??"]
[Round "?"]
[White "Pigusov, Evgeny"]
[Black "Andonov, Bogomil"]
[Result "1-0"]
[WhiteElo "2520"]
[BlackElo "2475"]

1.Nf3 d5 2.g3 c5 3.Bg2 Nf6 4.O-O h6 5.c4 d4 6.b4 cxb4 7.a3 b3 8.e3 Nc6 9.exd4 Nxd4
10.Nxd4 Qxd4 11.Qxb3 Nd7 12.Bb2 Qd6 13.d4 e6 14.d5 e5 15.Nc3 Qb8 16.Rfe1 Be7
17.f4 exf4 18.Nb5 Kd8 19.Rxe7 Kxe7 20.Bxg7 Re8 21.Re1+ Kd8 22.Qc3 Rxe1+ 23.Qxe1 a6
24.d6  1-0

[Event "URS-FL"]
[Site "Sverdlovsk"]
[Date "1987.??.??"]
[Round "?"]
[White "Loginov, Valery A"]
[Black "Kupreichik, Viktor D"]
[Result "1/2-1/2"]
[WhiteElo "2355"]
[BlackElo "2500"]

1.Nf3 d5 2.g3 c5 3.Bg2 Nc6 4.O-O e5 5.d3 Nf6 6.Nbd2 Be7 7.e4 O-O 8.c3 dxe4
9.dxe4 Qd3 10.Re1 Bg4 11.h3 Bh5 12.Qb3 Rab8 13.a4 Rfd8 14.Bf1 Qd7 15.Nh4 Ne8
16.Nf5 a6 17.Qb6 Rdc8 18.Nxe7+ Nxe7 19.Nc4 f6 20.Qb3 Qe6 21.a5 Nd6 22.Qa4 Be8
23.Nxd6 Bxa4 24.Bc4 Qxc4 25.Nxc4 Bb3 26.Nb6 Rd8 27.Be3 c4 28.Bc5 Nc6 29.Nd5 Kf7
30.Re2 Rd7 31.Kg2 Rbd8 32.Bb6 Re8 33.Bc5 Ke6 34.Bb6 Rc8 35.Be3 Rcd8 36.Bb6 Rxd5
37.exd5+ Rxd5 38.g4 Bd1 39.Re4 Bb3 40.Re2 g6 41.Kh2 Rd3 42.Be3 e4 43.Bf4  1/2-1/2

[Event "URS-FL"]
[Site "Sverdlovsk"]
[Date "1987.??.??"]
[Round "?"]
[White "Loginov, Valery A"]
[Black "Dokhoian, Yury"]
[Result "0-1"]
[WhiteElo "2355"]
[BlackElo "2525"]

1.Nf3 d5 2.g3 c5 3.Bg2 Nc6 4.O-O e5 5.d3 Be7 6.e4 d4 7.a4 Bg4 8.Na3 Qd7 9.Nc4 f6
10.h3 Be6 11.a5 Bd8 12.Bd2 Nge7 13.Nh2 O-O 14.h4 Bc7 15.Bf3 b5 16.axb6 axb6
17.Rxa8 Rxa8 18.Na3 Nd8 19.Bg4 b5 20.Bxe6+ Nxe6 21.Qg4 Rb8 22.f4 exf4 23.gxf4 Nf8
24.f5 Nfg6 25.Kh1 Ne5 26.Qh3 N7c6 27.Rg1 Kh8 28.h5 Bd6 29.Qh4 Qf7 30.h6 g5
31.fxg6 hxg6 32.Rf1 Be7 33.Qg3 Qe6 34.Bf4 Rb7 35.Nb1 Bf8 36.Bg5 Rf7 37.Bf4 Rh7
38.Nd2 Bxh6 39.Ra1 Bxf4 40.Qxf4 Kg7 41.Nf1 c4 42.dxc4 Qxc4 43.Qf2 d3 44.cxd3 Nxd3
45.Qe2 Qd4 46.Qe3 Rxh2+ 47.Kxh2 Qxb2+ 48.Nd2 Qxa1 49.Qxd3 Qd4 50.Qe2 Ne5
51.Kg2 b4  0-1

[Event "URS-FL"]
[Site "Sverdlovsk"]
[Date "1987.??.??"]
[Round "?"]
[White "Yermolinsky, Alex"]
[Black "Dokhoian, Yury"]
[Result "1/2-1/2"]
[WhiteElo "2445"]
[BlackElo "2525"]

1.Nf3 d5 2.g3 c5 3.c4 d4 4.b4 cxb4 5.a3 bxa3 6.Bg2 Nc6 7.Bxa3 Nf6 8.Qa4 Bd7
9.O-O g6 10.Bb2 Bg7 11.Qa3 Bf5 12.d3 O-O 13.Nbd2 Re8 14.Ng5 h6 15.Nge4 Nxe4
16.Nxe4 Rc8 17.Rfc1 Bxe4 18.Bxe4 Rc7 19.Qa4 Qd7 20.Rcb1 Bf8 21.Bc1 Qc8 22.Rb5 e5
23.h4 h5 24.Kg2 Bd6 25.Ba3 Bxa3 26.Qxa3 Ree7 27.Qc1 Kg7 28.Qg5 Qe8 29.Rab1 Nd8
30.Ra1 b6 31.Bd5 f6 32.Qd2 Ne6 33.Bxe6 Rxe6 34.Rd5 Qc6 35.f3 Rd6 36.Rxd6 Qxd6
37.Ra6 Rf7 38.Qa2 Qc7 39.c5 bxc5 40.Qd5 Qb7  1/2-1/2

[Event "BCF-ch"]
[Site "Swansea"]
[Date "1987.??.??"]
[Round "?"]
[White "McDonald, Neil R"]
[Black "Hodgson, Julian M"]
[Result "0-1"]
[WhiteElo "2400"]
[BlackElo "2510"]

1.Nf3 d5 2.g3 c6 3.Bg2 Bg4 4.c4 e6 5.O-O Nd7 6.b3 Ngf6 7.Bb2 Bd6 8.d3 O-O
9.Nbd2 e5 10.e4 dxe4 11.dxe4 Qe7 12.Qc2 Rfd8 13.Nh4 g6 14.h3 Be6 15.Nf5 Bxf5
16.exf5 Ba3 17.Bc3 a5 18.Rad1 Bb4 19.Ba1 Re8 20.g4 Rad8 21.Kh1 g5 22.Rfe1 Qc5
23.Ne4 Nxe4 24.Rxe4 f6 25.Re3 Qe7 26.Bb2 Nc5 27.Rxd8 Rxd8 28.a3 Bd2 29.Re2 Qd6
30.Be4 Nxe4 31.Qxe4 Qd3 32.Qxd3 Rxd3 33.Kg2 c5 34.Ba1 Kf7 35.a4 b6 36.f3 Be3
37.Rc2 Rd1 38.Bc3 Rg1+ 39.Kh2 Rd1 40.Kg2 Ke7 41.Kg3 Rg1+ 42.Kh2 Rb1 43.Rb2 Rc1
44.Bd2 Bxd2 45.Rxd2 Rc3 46.h4 gxh4 47.Kh3 Rxf3+ 48.Kxh4 Rxb3 49.g5 fxg5+
50.Kxg5 Rg3+ 51.Kh4 Rg1 52.Rb2 Kf6 53.Rxb6+ Kxf5 54.Rb5 e4  0-1

[Event "Tallinn"]
[Site "Tallinn"]
[Date "1987.??.??"]
[Round "?"]
[White "Karlsson, Lars"]
[Black "Van der Sterren, Paul"]
[Result "1-0"]
[WhiteElo "2480"]
[BlackElo "2520"]

1.Nf3 d5 2.g3 c6 3.Bg2 Bf5 4.O-O Nf6 5.d3 e6 6.Nc3 h6 7.Ne5 d4 8.e4 dxe3
9.fxe3 Nbd7 10.e4 Bh7 11.Nc4 Be7 12.a4 O-O 13.Kh1 e5 14.Ne2 Qc7 15.Ng1 Nc5
16.Nf3 Nfd7 17.Ne3 Rfe8 18.Bh3 Bf8 19.Nh4 Ne6 20.Qh5 Ng5 21.Bxd7 Qxd7 22.Ng4 Qe7
23.Bxg5 hxg5 24.Nf5 Qd8 25.h4 gxh4 26.Nxh4 Qe7 27.Nf5 Qe6 28.Kg2 Bxf5 29.Rxf5 g6
30.Qh4 Bg7 31.Nf6+ Bxf6 32.Rxf6 Qe7 33.Raf1 Rab8 34.Qh6  1-0

[Event "URS Army-ch"]
[Site "Tashkent"]
[Date "1987.??.??"]
[Round "?"]
[White "Pigusov, Evgeny"]
[Black "Dautov, Rustem"]
[Result "1-0"]
[WhiteElo "2520"]
[BlackElo "2445"]

1.Nf3 d5 2.g3 c6 3.Bg2 Bg4 4.b3 Nf6 5.Bb2 e6 6.O-O Bc5 7.d4 Be7 8.Ne5 Bh5
9.Nd2 Nbd7 10.Nd3 Bd6 11.c4 Qe7 12.Qe1 Bg6 13.Ne5 O-O 14.a3 Bh5 15.h3 Bc7
16.Nxd7 Qxd7 17.e4 dxe4 18.Nxe4 Nxe4 19.Qxe4 Rad8 20.Rfe1 Rfe8 21.Qe3 Bb6
22.c5 Bc7 23.b4 Rc8 24.Qc3 f6 25.a4 e5 26.b5 Red8 27.dxe5 Bxe5 28.Qb4 Bxb2
29.Qxb2 cxb5 30.Rec1 Qe7 31.Qxb5 Rc7 32.c6 Be8 33.Re1 Qd6 34.Rxe8+ Rxe8 35.cxb7 Rb8
36.a5 a6 37.Qb6 Qxb6 38.axb6 Re7 39.Rxa6 Ree8 40.Ra8 Kf7 41.Ra1 Ke7 42.Rc1 Kd6
43.Rc6+ Kd7 44.Rc7+ Kd6 45.Rxg7 Re7 46.Rg4 Re1+ 47.Kh2 Re2 48.Rf4 Ke5 49.h4 Rb2
50.Kh3 Rxb6 51.Rc4 f5 52.Rc7 h6 53.Rc8 R6xb7 54.Bxb7 Rxb7 55.Rc6 Rh7 56.h5 Rh8
57.Ra6 Ke4 58.Kg2 Ke5 59.Kf3 Rh7 60.Ra5+ Ke6 61.Kf4  1-0

[Event "Tashkent"]
[Site "Tashkent"]
[Date "1987.??.??"]
[Round "?"]
[White "Loginov, Valery A"]
[Black "Vladimirov, Evgeny"]
[Result "1/2-1/2"]
[WhiteElo "2355"]
[BlackElo "2525"]

1.Nf3 d5 2.g3 c6 3.Bg2 Bg4 4.h3 Bh5 5.d3 Nd7 6.O-O Ngf6 7.Nbd2 e5 8.e4 dxe4
9.dxe4 Bc5 10.Qe1 O-O 11.Nc4 Re8 12.a4 Qc7 13.a5 b5 14.axb6 axb6 15.Rxa8 Rxa8
16.b4 Ra4 17.bxc5 Rxc4 18.cxb6 Qxb6 19.Be3 Qb5 20.Nd2 Rxc2 21.Qa1 h6 22.Rb1 Qd3
23.Bf1 Qd6 24.Nc4 Qe6 25.Qa4 Rc3 26.Nd2 Bg6 27.Kh2 Qd6 28.Nc4 Qe7 29.f3 Qe6
30.Rb2 Nd5 31.Bf2 Nc7 32.Qa5 Nb5 33.Rxb5 Rc1 34.Rb2 Rxf1 35.Ne3 Rc1 36.Qd8+ Kh7
37.Rb7 Qa2 38.Kg2 Nf6 39.Rb8 Bxe4 40.fxe4 Nxe4 41.Ng4 Rc2 42.Qh8+ Kg6 43.Nxe5+ Kf5
44.g4+ Kxe5 45.Qxg7+ Ke6 46.Re8+ Kd7 47.Rxe4 Rxf2+ 48.Kg3 Rd2 49.Qxh6 Rd3+
50.Re3 Qe2 51.Rxd3+ Qxd3+ 52.Kf2  1/2-1/2

[Event "URS Army-ch"]
[Site "Tashkent"]
[Date "1987.??.??"]
[Round "?"]
[White "Pigusov, Evgeny"]
[Black "Nenashev, Alexander"]
[Result "1/2-1/2"]
[WhiteElo "2545"]
[BlackElo "2415"]

1.Nf3 d5 2.g3 Nf6 3.Bg2 g6 4.O-O Bg7 5.d4 O-O 6.c4 dxc4 7.Na3 c3 8.bxc3 c5
9.Nc4 Be6 10.Nce5 cxd4 11.cxd4 Bd5 12.Ba3 Nc6 13.Qd3 Re8 14.Rfc1 Rc8 15.Bh3 e6
16.Bg2 Nxe5 17.Nxe5 Rxc1+ 18.Rxc1 Bxg2 19.Kxg2 Qd5+ 20.f3 Nd7 21.Nc4 Nb6
22.Nd6 Rd8 23.e4 Qxd4 24.Qxd4 Bxd4 25.Nxb7 Rd7 26.Nd6 g5 27.f4 gxf4 28.gxf4 Be3
29.Rf1 Rc7 30.Kf3 Nc4 31.Nxc4 Rxc4 32.Be7 Bd4 33.e5 Kg7 34.Rb1 Rc3+ 35.Ke4 Bb6
36.f5 Rc4+ 37.Kd3 Ra4 38.Bf6+ Kh6 39.fxe6 fxe6 40.Rb2 Kg6  1/2-1/2

[Event "Timisoara"]
[Site "Timisoara"]
[Date "1987.??.??"]
[Round "?"]
[White "Kirov, Nino"]
[Black "Ghitescu, Theodor"]
[Result "1/2-1/2"]
[WhiteElo "2450"]
[BlackElo "2405"]

1.Nf3 d5 2.g3 Nf6 3.Bg2 g6 4.d4 Bg7 5.c4 dxc4 6.O-O O-O 7.Na3 c3 8.bxc3 c5
9.Qb3 Nc6 10.Rd1 Na5 11.Qb2 Qb6 12.Ne5  1/2-1/2

[Event "Toronto"]
[Site "Toronto"]
[Date "1987.??.??"]
[Round "?"]
[White "Pelts, Roman"]
[Black "Thomas, Ian"]
[Result "1-0"]
[WhiteElo "2430"]
[BlackElo "2310"]

1.Nf3 d5 2.g3 Nf6 3.Bg2 e6 4.O-O c5 5.c4 dxc4 6.Na3 Be7 7.Nxc4 Nc6 8.b3 O-O
9.Bb2 Nd5 10.d4 cxd4 11.Nxd4 Nxd4 12.Qxd4 Bf6 13.Qd2 Bxb2 14.Nxb2 b6 15.Rfd1 Bb7
16.e4 Nf6 17.Qg5 h6 18.Qh4 Qb8 19.Nc4 Rd8 20.e5 Rxd1+ 21.Rxd1 Nh7 22.Qe7 Bxg2
23.Kxg2 Qc8 24.Qd7 Qc5 25.h4 Nf8 26.Qb7 Rc8 27.a4 Rc7 28.Qa8 f6 29.Rd8 Qc6+
30.Qxc6 Rxc6 31.exf6 gxf6 32.Ra8 Rc7 33.Nd6 Rd7 34.Nb5 Rd3 35.b4 e5 36.Nxa7 Rb3
37.b5 Kf7 38.Nc8 Nd7 39.Ra7 Ke6 40.Nxb6 Nxb6 41.Ra6 e4 42.Rxb6+ Ke5 43.Rb8  1-0

[Event "Toronto"]
[Site "Toronto"]
[Date "1987.??.??"]
[Round "?"]
[White "Pelts, Roman"]
[Black "Pajak, John T"]
[Result "1-0"]
[WhiteElo "2430"]
[BlackElo "2265"]

1.Nf3 d5 2.g3 c6 3.Bg2 Bg4 4.O-O Nd7 5.d3 Ngf6 6.Nbd2 e6 7.h3 Bxf3 8.exf3 g5
9.Nb3 Bh6 10.a4 Rg8 11.a5 Rg6 12.Ra4 b5 13.axb6 axb6 14.Rxa8 Qxa8 15.Bd2 Qb8
16.Nd4 c5 17.Nb5 Ng8 18.c4 d4 19.b4 Ne7 20.bxc5 Nxc5 21.Nxd4 Bg7 22.Nb5 Nxd3
23.Qe2 Nc5 24.f4 Bh6 25.Ra1 gxf4 26.Ra8 Qxa8 27.Nc7+  1-0

[Event "Toronto"]
[Site "Toronto"]
[Date "1987.??.??"]
[Round "?"]
[White "Day, Lawrence A"]
[Black "Behrhorst, Frank"]
[Result "0-1"]
[WhiteElo "2390"]
[BlackElo "2335"]

1.g3 d5 2.Nf3 Nf6 3.Bg2 Bf5 4.O-O h6 5.b3 e6 6.Bb2 Be7 7.d3 O-O 8.Nbd2 Bh7
9.e3 c5 10.Ne5 Nbd7 11.Nxd7 Qxd7 12.Qe2 Rfd8 13.Rfd1 Qc7 14.e4 dxe4 15.dxe4 Rd7
16.e5 Nd5 17.Ne4 Rad8 18.Nd6 Nb4 19.Nxb7 Rxd1+ 20.Rxd1 Rxd1+ 21.Qxd1 Bxc2
22.Qd2 Bg6 23.a3 Nd3 24.Ba1 Nxe5 25.Qc3 Qd7 26.Qxe5 Qd1+ 27.Bf1 Bf6 28.Qb8+ Kh7
29.Nxc5 Qxa1 30.Nd7 Be7 31.Ne5 Qxa3 32.Nxg6 Kxg6 33.Bd3+ f5 34.Bc4 Kf6 35.h4 Qa1+
36.Kg2 Qd4 37.Qc8 Qe4+ 38.Kh2 f4 39.g4 f3 40.Kh3 h5 41.gxh5 Kf5 42.Bxe6+ Qxe6
43.Qc2+ Kf4+ 44.Kh2 Bd6  0-1

[Event "Trnava"]
[Site "Trnava"]
[Date "1987.??.??"]
[Round "?"]
[White "Govedarica, Radovan"]
[Black "Meduna, Eduard"]
[Result "1-0"]
[WhiteElo "2425"]
[BlackElo "2515"]

1.Nf3 d5 2.g3 c6 3.Bg2 Bg4 4.b3 e6 5.Bb2 Nf6 6.O-O Nbd7 7.d3 Bd6 8.Nbd2 O-O
9.h3 Bh5 10.c4 Qe7 11.a3 Rfe8 12.Re1 Bc7 13.Qc2 Bb6 14.b4 e5 15.c5 Bc7 16.Nh4 Nf8
17.e4 d4 18.Nf5 Qd7 19.Nc4 Bg6 20.Nfd6 Bxd6 21.Nxd6 Re7 22.f4 exf4 23.gxf4 Ne8
24.f5 Nxd6 25.cxd6 Qxd6 26.fxg6 Nxg6 27.Qc5 Qxc5 28.bxc5 Rd8 29.a4 Re5 30.Rec1 Nf4
31.Bf1 f5 32.Rc4 Ne6 33.exf5 Rxf5 34.Re1 Kf7 35.Ba3 h5 36.Bg2 Rg5 37.Kh2 h4
38.Bf3 Rg3 39.Rf1 Ke7 40.Bg4 Rxd3 41.Bc1 b5 42.axb5  1-0

[Event "Tirnavia-B"]
[Site "Trnava"]
[Date "1987.??.??"]
[Round "4"]
[White "Karlik, Vladimir"]
[Black "Drtina, Milan"]
[Result "1-0"]
[WhiteElo "2320"]
[BlackElo "2280"]

1.g3 d5 2.Nf3 Nf6 3.Bg2 c5 4.O-O Nc6 5.d3 e5 6.Nbd2 Be7 7.e4 dxe4 8.dxe4 h6
9.c3 Be6 10.Re1 Qd7 11.Qe2 O-O 12.Nc4 Qc7 13.Nh4 Nh7 14.Nf5 Bf6 15.Nce3 Ne7
16.Nxe7+ Qxe7 17.Nd5 Qd7 18.Be3 Qc8 19.h4 Re8 20.Qc4 b6 21.Rac1 Be7 22.b4 Bf8
23.bxc5 Qc6 24.Bf1 Rec8 25.Qa6 Bxc5 26.Bb5 Qd6 27.Rcd1 Qf8 28.Bf1 Bxe3 29.Rxe3 Kh8
30.c4 Rc5 31.Qa4 Ra5 32.Qb3 Rc8 33.Rd2 Qe8 34.Qd1 Nf8 35.Red3 Rac5 36.Ne3 f6
37.Rd8 Qf7 38.R2d6 Rxd8 39.Rxd8 Rc8 40.Nf5 Rxd8 41.Qxd8 Kg8 42.Ne7+ Kh7 43.Be2 g6
44.Qc7 a5 45.Qd8 Kg7 46.Nd5 Nd7 47.Nxb6 Nc5 48.Nd5 Nxe4 49.Qxa5 f5 50.Nc7 Bd7
51.Qxe5+ Kh7 52.Nd5 Bc6 53.Bf3 h5 54.Bxe4 fxe4 55.Nf6+ Kh8 56.Nxh5+ Kg8 57.Nf6+ Kf8  1-0

[Event "Voronez"]
[Site "Voronez"]
[Date "1987.??.??"]
[Round "?"]
[White "Kochyev, Alexander"]
[Black "Prandstetter, Eduard"]
[Result "1/2-1/2"]
[WhiteElo "2450"]
[BlackElo "2385"]

1.Nf3 d5 2.g3 c6 3.Bg2 Bg4 4.O-O Nd7 5.d3 e6 6.c4 Bd6 7.cxd5 cxd5 8.Nc3 Ne7
9.e4 d4 10.Nb5 Bc5 11.Qa4 Bxf3 12.Bxf3 O-O 13.Bd2 a6 14.Na3 b5 15.Qd1  1/2-1/2

[Event "Vrnjacka Banja"]
[Site "Vrnjacka Banja"]
[Date "1987.??.??"]
[Round "12"]
[White "Strikovic, Aleksa"]
[Black "Lukacs, Peter"]
[Result "1/2-1/2"]
[WhiteElo "2400"]
[BlackElo "2500"]

1.Nf3 d5 2.g3 Nf6 3.Bg2 c6 4.O-O Bg4 5.d3 e6 6.Nbd2 Be7 7.h3 Bh5 8.e4 O-O
9.g4 Bg6 10.Ne5 Nbd7 11.Nxg6 hxg6 12.f4 dxe4 13.dxe4 e5 14.f5 Nc5 15.Qe2 a5
16.Nb3 Nfd7 17.Nxc5 Nxc5  1/2-1/2

[Event "Vrsac"]
[Site "Vrsac"]
[Date "1987.??.??"]
[Round "?"]
[White "Damljanovic, Branko"]
[Black "Geller, Efim P"]
[Result "0-1"]
[WhiteElo "2500"]
[BlackElo "2515"]

1.Nf3 d5 2.g3 c6 3.Bg2 Bg4 4.d3 Nd7 5.Nbd2 Ngf6 6.O-O e6 7.e4 Be7 8.h3 Bh5
9.Qe2 O-O 10.g4 dxe4 11.dxe4 Bg6 12.Rd1 Qc7 13.Nh4 Rad8 14.Nxg6 hxg6 15.Nf3 e5
16.b3 Nc5 17.Bb2 Nfd7 18.Ne1 Ne6 19.Nd3 Bg5 20.Qf3 Rfe8 21.Qg3 Bf4 22.Nxf4 exf4
23.Qc3 f6 24.h4 g5 25.hxg5 Nxg5 26.Qc4+ Kh7 27.e5 Nxe5 28.Bxe5 Qxe5 29.Re1 Qxe1+
30.Rxe1 Rxe1+ 31.Kh2 f3 32.Bf1 g6 33.Bd3 Kg7 34.Kg3 Rg1+ 35.Kf4 Rd4+ 36.Qxd4 Ne6+  0-1

[Event "Zuerich op"]
[Site "Zuerich"]
[Date "1987.??.??"]
[Round "5"]
[White "Druckenthaner, Andreas"]
[Black "Neckar, Lubomir"]
[Result "0-1"]
[WhiteElo "2270"]
[BlackElo "2370"]

1.Nf3 d5 2.g3 Nf6 3.Bg2 e6 4.O-O Be7 5.d3 c5 6.c4 Nc6 7.Nc3 d4 8.Na4 Nd7
9.e3 a6 10.exd4 cxd4 11.Ne1 Qc7 12.Qc2 b6 13.a3 Bb7 14.b4 O-O 15.Nf3 e5 16.Re1 Rae8
17.Bd2 h6 18.Qb3 Nd8 19.Rac1 Qb8 20.Qd1 Qa8 21.Nxe5 Bxg2 22.Nxd7 Bh3 23.f3 Bxd7
24.Nxb6 Qb7 25.Nxd7 Qxd7 26.Kg2 Bg5 27.f4 Bf6 28.a4 Rxe1 29.Bxe1 Qc6+ 30.Kg1 Re8
31.b5 Qb7 32.Bf2 Ne6 33.Qe2 Kf8 34.Qe4 Qxe4 35.dxe4 Nc5 36.e5 Be7 37.Bxd4 Nb3
38.Rd1 Nxd4 39.Kf2 Bc5  0-1

[Event "Zug"]
[Site "Zug"]
[Date "1987.??.??"]
[Round "2"]
[White "McDonald, Neil R"]
[Black "Brunner, Lucas"]
[Result "1/2-1/2"]
[WhiteElo "2400"]
[BlackElo "2440"]

1.Nf3 d5 2.g3 c6 3.Bg2 Bg4 4.c4 e6 5.d3 Nf6 6.O-O dxc4 7.dxc4 Qxd1 8.Rxd1 Nbd7
9.Bf4 h6 10.Nc3 Bc5 11.Ne5 Nxe5 12.Bxe5 Bf5 13.Bxf6  1/2-1/2

[Event "Zug"]
[Site "Zug"]
[Date "1987.??.??"]
[Round "9"]
[White "McDonald, Neil R"]
[Black "Gerber, Richard"]
[Result "1/2-1/2"]
[WhiteElo "2400"]
[BlackElo "2275"]

1.Nf3 d5 2.g3 c6 3.Bg2 Bg4 4.c4 e6 5.d4 Bxf3 6.Bxf3 dxc4 7.O-O Nf6 8.b3 cxb3
9.Qxb3 Qb6 10.Qc4 Qa6 11.Nd2 Be7 12.Qxa6 Nxa6 13.Rb1 O-O-O 14.Nb3 Rd7 15.Bf4 Nd5
16.Rfc1 Nxf4 17.gxf4 Nb4 18.e3 Nxa2 19.Rc4 Nb4 20.f5 h5 21.fxe6 fxe6 22.Na5 Nd5
23.Rc2 g5 24.Bxd5 exd5 25.Rcb2 b5 26.Rc2 Rh6 27.Rxb5 Rc7 28.Rb1 g4 29.Rcb2 c5
30.Rb8+ Kd7 31.dxc5 Bxc5 32.Rd1 Bd6 33.Rb5 Ke6 34.Rbxd5 Be5 35.Nb3 Re7 36.Ra5 Kf7
37.Rdd5 Rhe6 38.Nc5 Rd6 39.Nd3 Rxd5 40.Rxd5 Kf6 41.Ra5 Bc3 42.Rxh5 Rd7 43.Nf4 Be5
44.e4 Bxf4 45.Rf5+ Kg6 46.Rxf4 Rd1+ 47.Kg2 Kg5 48.Rf5+ Kh4 49.Ra5 Re1 50.Ra4 Kg5
51.f3 Re3 52.fxg4 Kxg4 53.Kf2 Rb3 54.Rxa7 Kf4 55.Ra4 Rb2+ 56.Kg1 Re2  1/2-1/2